NBA Players By Letter - K - Statistics

General Stats
  • This quiz has been taken 383 times
    375 since last reset
  • The average score is 4 of 9
Answer Stats
First Name Surname Team % Correct
Enes Kanter Oklahoma City Thunder
88%
Kyle Korver Atlanta Hawks
82%
Frank Kaminsky Charlotte Hornets
62%
Brandon Knight Phoenix Suns
56%
Michael Kidd-Gilchrist Charlotte Hornets
36%
Kosta Koufos Sacramento Kings
34%
Ryan Kelly Atlanta Hawks
18%
Sean Kilpatrick Brooklyn Nets
15%
Mindaugas Kuzminskas New York Knicks
13%
No matching quizzes found
Score Distribution
Percent of People with Each Score
Percentile by Number Answered
Your Score History
You have not taken this quiz since the last reset